000 00814nmm a2200289 a 4500
003 AR-BaBNM
005 20251128202745.0
008 106119s[ca. ||||||||||||||000 | spa||
020 _a950-43-3074-9
040 _cAR-BaBNM
100 1 _aFigueiras, Miguel Angel
245 1 0 _aCacique y coronel del ejército Y. Coliqueo y su tribu
_b130 años de evolución 1860-1990 Los Toldos Prov. Bs. As.
250 _a1ª ed.
260 _a[S.l.]
_b[s.n.]
_c[ca. 1989]
300 _a134 p.
_bil., mapas
504 _aBibliografía p. 133
650 4 _aHISTORIA DE BUENOS AIRES
650 4 _aABORIGENES ARGENTINOS
650 4 _aCOSTUMBRES Y TRADICIONES
650 4 _aCREENCIA RELIGIOSA
650 4 _aRELIGION
650 4 _aDEPORTE
650 4 _aCULTURA
653 _aMAPUCHES
942 _cBK
998 _cCarmen
999 _c433
_d433